000 00566nam a2200217Ia 4500
003 OSt
005 20220926043722.0
006 a|||||r|||| 00| 0
007 ta
008 220923b |||||||| |||| 00| 0 eng d
037 _cGeneral Book
040 _aRTL
_cRTL
_beng
041 _2eng
_aeng
082 _aU:65:N5, K0;1
100 _aOboli H O N
245 0 _aOutline geography of West Africa Ed by R J Harris
260 _c1960
650 _aGeography - Africa
942 _hU:65:N5, K0;1
_cGB
_2CC
999 _c673033
_d673033